| 000 | 01505cam a22004574i 4500 | ||
|---|---|---|---|
| 003 | PE-LiUPU | ||
| 005 | 20250731173014.0 | ||
| 008 | 150623s1998 miu r 000 0 eng d | ||
| 020 | _a0567085422 | ||
| 035 | _a(Sirsi) i9780567085429 | ||
| 040 |
_aPE-LiUPU _bspa _cPE-LiUPU _erda |
||
| 049 | _aPRUA | ||
| 082 | 0 | 4 |
_a220.7 _bICC _221 |
| 100 | 1 |
_aBarrett, C. K., _eautor. |
|
| 245 | 1 | 4 |
_aThe Acts of the apostles: a critical and exegetical commentary. _n2 / _cC. K. Barrett. |
| 264 | 1 |
_aEdinburgh : _bT & T Clark, _c1998. |
|
| 300 |
_a1272 páginas ; _c22 centímetros |
||
| 336 |
_atext _2rdacontent |
||
| 337 |
_aunmediated _2rdamedia |
||
| 338 |
_avolume _2rdacarrier |
||
| 490 | 0 | _aThe International Critical Commentary | |
| 505 | 0 | _aActs 15-28: contens -- Commentary. | |
| 526 | _aSEG42 | ||
| 526 | _aSEG41 | ||
| 526 | _aSEG40 | ||
| 526 | _aSEG39 | ||
| 526 | _aP94 | ||
| 526 | _aP87 | ||
| 526 | _aP86 | ||
| 526 | _aP85 | ||
| 526 | _aP77 | ||
| 526 | _aP76 | ||
| 526 | _aP35 | ||
| 630 | 0 | 4 |
_aBiblia. _pN.T. _pHechos _vComentarios. |
| 942 |
_2ddc _cBOOK |
||
| 949 |
_a220.7 ICC 44B _wDEWEY _c1 _i47230 _lCCODEBUL1 _mBUL _r0 _sY _tBOOK _u2015-6-24 _xTEOLOGIA _PP35 _0COMPRA _o.STAFF. Colección Teología |
||
| 994 |
_aC0 _bPEPRU |
||
| 596 | _a1 | ||
| 999 |
_a220.7 ICC 44B _wDEWEY _c23780 _i47230 _d23780 _f2021-11-9 _g6 _lCCODEBUL1 _mBUL _p30.00 _q2 _r0 _sY _tBOOK _u2015-6-24 _xTEOLOGIA _PP35 _0COMPRA _o.STAFF. Colección Teología |
||
| 980 |
_81 _gALBERTO SANCHEZ Responsable de Automatización |
||